000 00423nam a2200193Ia 4500
003 OSt
005 20251126155315.0
008 250729s2003 xx 000 0 und d
020 _a978-0340790519
040 _cAL
041 _aeng
082 _a574.2 JENB
100 _aJenkins Morton
_9225012
245 _aBiology
260 _aEngland
_c2003
300 _a191p
650 _aBiology
_9225013
942 _2ddc
_cBED
999 _c236703
_d236703